| 000 | 01228nam a2200373 a 4500 | ||
|---|---|---|---|
| 001 | 77759 | ||
| 003 | 0 | ||
| 005 | 20241217151416.0 | ||
| 006 | m o d | | ||
| 007 | cr cn||||||||| | ||
| 008 | 201011r2002 mx |||||s|||||||||||spa d | ||
| 020 | _z9701823826 | ||
| 035 | _a(MiAaPQ)EBC3191263 | ||
| 035 | _a(Au-PeEL)EBL3191263 | ||
| 035 | _a(CaPaEBR)ebr10428290 | ||
| 035 | _a(OCoLC)1010655426 | ||
| 040 |
_aFlNmELB _bspa _cFlNmELB |
||
| 050 | 4 |
_aTK5105.5 _bR666 2002 |
|
| 080 | _a004.7 | ||
| 082 | 0 | 4 |
_a004.6 _222 |
| 100 | 1 | _aRobledo Sosa, Cornelio. | |
| 245 | 1 | 0 |
_aRedes de computadoras _h[recurso electronico] / _cCornelio Robledo Sosa. |
| 250 | _a1a reimp. | ||
| 260 |
_aMéxico : _bInstituto Politécnico Nacional, _c2002. |
||
| 300 | _a447 p. | ||
| 533 | _aRecurso electrónico. Santa Fe, Arg.: e-libro, 2015. Disponible vía World Wide Web. El acceso puede estar limitado para las bibliotecas afiliadas a e-libro. | ||
| 650 | 0 |
_aRedes de computadoras _xProtocolos. |
|
| 650 | 0 | _aProcesamiento de datos. | |
| 650 | 0 | _aComputer networks. | |
| 655 | 4 | _aLibros electrónicos. | |
| 710 | 2 | _ae-libro, Corp. | |
| 856 | 4 | 0 | _uhttps://elibro.net/ereader/politecnicointernacional/101803 |
| 942 | _cLIBROS | ||
| 999 |
_c77759 _d77759 |
||